K spôsobu odmeňovania v bankách.

Aplikácia zákona o mzde v bankách. Odmeňovanie pracovníkov bánk na základe kolektívnych a pracovných zmlúv. Katalóg typových činností a odmeňovanie. Obsah kolektívnych zmlúv v bankách. Štruktúra mzdy pracovníkov bánk.

Na minha lista:
Detalhes bibliográficos
Autor principal: Wosková, V.
Formato: Capítulo de Livro
Idioma:eslovaco
Assuntos:
Tags: Adicionar Tag
Sem tags, seja o primeiro a adicionar uma tag!

MARC

LEADER 00000naa a2200000 4500
001 r010807
005 20220831090824.3
041 0 |a slo 
044 |a [CS] 
245 1 0 |a K spôsobu odmeňovania v bankách.  |c V. Wosková 
520 |a Aplikácia zákona o mzde v bankách. Odmeňovanie pracovníkov bánk na základe kolektívnych a pracovných zmlúv. Katalóg typových činností a odmeňovanie. Obsah kolektívnych zmlúv v bankách. Štruktúra mzdy pracovníkov bánk. 
610 2 0 |a odmeňovanie 
610 2 0 |a mzdy 
610 2 0 |a banky 
610 2 0 |a zmluvy kolektívne 
610 2 0 |a pracovníci 
610 2 0 |a zmluvy pracovné 
610 2 0 |a štruktúra mzdy 
610 2 0 |a ČSFR 
610 2 0 |a zákony 
100 1 |a Wosková, V.